[Event "Wch U12 Girls"]
[Site "Santiago de Compostela"]
[Date "2018.11.12"]
[Round "8"]
[White "Zvereva, Margarita"]
[Black "Dakic, Marta"]
[Result "1/2-1/2"]
[WhiteElo "1787"]
[BlackElo "1756"]
[PlyCount "83"]
[EventDate "2018.11.04"]
[EventType "swiss"]
[EventRounds "11"]
[EventCountry "ESP"]
[SourceTitle "EXT 2022"]
[Source "ChessBase"]
[SourceDate "2021.10.06"]
[SourceVersion "1"]
[SourceVersionDate "2021.10.06"]
[SourceQuality "1"]

1. e4 e5 2. Nf3 d6 3. Bc4 Be7 4. d3 Nf6 5. c3 0-0 6. 0-0 Nbd7 7. Bb3 c6 8. Re1 h6 9. h3 Re8 10. Nbd2 Bf8 11. d4 Qc7 12. c4 Qb6 13. d5 Nc5 14. Bc2 a5 15. Nb3 Nxb3 16. Bxb3 c5 17. Ba4 Bd7 18. Bxd7 Nxd7 19. a4 Qd8 20. Nh2 Qh4 21. Ra3 b6 22. Nf1 g6 23. Ng3 Rac8 24. Rf1 Rb8 25. f4 Bg7 26. Qf3 Rf8 27. f5 g5 28. Nh5 Nf6 29. Nxf6+ Bxf6 30. g4 h5 31. gxh5 Kg7 32. Rf2 Rh8 33. Qg4 Rxh5 34. Qxh4 Rxh4 35. Re2 Rbh8 36. Ree3 R8h5 37. Bd2 Rh8 38. Be1 R4h5 39. Rg3 R8h7 40. Kg2 Rh8 41. Rab3 Bd8 42. Rg4 1/2-1/2

[Event "Wch U12 Girls"]
[Site "Santiago de Compostela"]
[Date "2018.11.09"]
[Round "5"]
[White "Mamardashvili, Ana"]
[Black "Dakic, Marta"]
[Result "0-1"]
[WhiteElo "1527"]
[BlackElo "1756"]
[PlyCount "86"]
[EventDate "2018.11.04"]
[EventType "swiss"]
[EventRounds "11"]
[EventCountry "ESP"]
[SourceTitle "EXT 2022"]
[Source "ChessBase"]
[SourceDate "2021.10.06"]
[SourceVersion "1"]
[SourceVersionDate "2021.10.06"]
[SourceQuality "1"]

1. e4 e5 2. Nf3 d6 3. d4 exd4 4. Nxd4 Nf6 5. Nc3 Be7 6. Be2 0-0 7. 0-0 Re8 8. f4 Bf8 9. Bf3 Nbd7 10. Re1 g6 11. Nde2 c6 12. Ng3 Qc7 13. Be3 a6 14. a4 b6 15. Qd2 Bb7 16. Rad1 b5 17. axb5 axb5 18. Qf2 b4 19. Nb1 Ra2 20. c3 c5 21. cxb4 cxb4 22. Bd4 Rea8 23. Rc1 Qa5 24. Nd2 Qd8 25. Nc4 R8a6 26. e5 Bxf3 27. Qxf3 Ne8 28. f5 dxe5 29. Nxe5 Nxe5 30. Bxe5 Bg7 31. fxg6 hxg6 32. Bxg7 Nxg7 33. Rf1 Ra7 34. Qb3 Qd4+ 35. Kh1 Rxb2 36. Qf3 Qd7 37. Rcd1 Qc7 38. Qf6 Qc2 39. Rd8+ Kh7 40. Qh4+ Nh5 41. Qh3 Rb1 42. Rc8 Raa1 43. Kg1 Qe2 0-1